000 00863cam a2200229 4500
001 ABS66098
008 021024n2002 000 0 eng u
035 _a(Sirsi) u120251
100 _aMueller, S.E.
245 _aResolving work breakdown structure problems
260 _c2002
490 _aCost Engineer
_v40(4) September 2002, 17-21(4)
520 _aLooks at work breakdown structure (WBS) problems and solutions in two areas: implementing a project management software system and creating the WBS for a project. Also takes a broader look at improving the scop, schedule and cost in the project management system.
590 _aABS
650 _aWORK BREAKDOWN STRUCTURE
650 _aMANAGEMENT-PROJECT MANAGEMENT
650 _aSOFTWARE
650 _aCOSTS
650 _aINFORMATION SYSTEMS
690 _aProject management
_96261
942 _n0
999 _c71438
_d71438